Names of People - Statistics

General Stats
  • This quiz has been taken 14 times
  • The average score is 8 of 107
Answer Stats
Person's Name % Correct
Den
50%
Alex
36%
Tonnette
36%
Allan
21%
Anne
21%
Christine
21%
Paul
21%
Sam
21%
Samuel
21%
Bong
14%
Julie
14%
Kay
14%
Lisa
14%
Malou
14%
Richard
14%
Sarah
14%
Addie
7%
Amah
7%
Ammen
7%
Amy
7%
Andi
7%
Aubrey
7%
Austin
7%
Bea
7%
Bianca
7%
Boboy
7%
Boboy P
7%
Bulit
7%
Cael
7%
Cara
7%
Carina
7%
Cathy
7%
Cecil
7%
Celine
7%
Christian
7%
Cielo
7%
Dino
7%
Edwin
7%
Elmer
7%
Erika
7%
Flo Flo
7%
Grandma
7%
Grandpa
7%
Hando
7%
Iya
7%
Jaja
7%
Jandi
7%
Jannette
7%
Jed
7%
Jerald
7%
Jo Ann
7%
Joanne
7%
Johfil
7%
Jojo
7%
Jun
7%
Kion
7%
Klarisse
7%
Kylie
7%
Kyrie
7%
Lek Lek
7%
Lola
7%
Lolo
7%
Maribel
7%
Mariel
7%
Melda
7%
Meldy
7%
Meng
7%
Michelle
7%
Nona
7%
Onie
7%
Racell
7%
Rafi
7%
Ren Ren
7%
Rex
7%
Shanbi
7%
Shobe
7%
Shobe Uy
7%
Stephen
7%
Tata
7%
Tomas
7%
Tyrone
7%
Wess
7%
Yuan
7%
Anita
0%
Camille
0%
Candy
0%
DC
0%
Dikem
0%
Diko
0%
Dodong
0%
Dwayne
0%
Father
0%
Floor
0%
Gilien
0%
Gwen
0%
Hasmin
0%
Inday
0%
JC
0%
Jessmar
0%
Joshwa
0%
Mando
0%
Mhie
0%
Paknat
0%
Rob
0%
Ron Ron
0%
Shadi
0%
Tetet
0%
No matching quizzes found
Score Distribution
Percent of People with Each Score
Percentile by Number Answered
Your Score History
You have not taken this quiz